000 00787nam a22002537a 4500
005 20170124110219.0
010 _aB-025919
020 _c120.00
035 _aB-025919
037 _bCen Lib/Ret
040 _aDPL
_bEN
082 _a351.1
_bMUT
100 _aMuthuswamy
_939550
245 _aSwami's compilation of the fundamental rules and supplementary rules /
_cby Muthuswamy [and] Brinda
250 _a15th ed
260 _aChennai
_bSwamy Publishers
_c2001
270 _a236, R. K. Mutt Road, Post Box No. 2468
_bChennai
_e600028
300 _aix,270p.
_c21cm(pbk)
500 _aIncludes index
650 _aIndia-Officials and employees
_927854
650 _aPersonal management
_939551
700 _aBrinda
_939133
942 _2ddc
_cEN
_h351.1
_mMUT
999 _c134016
_d134016